PAROLES - Cartier Santos - SDM - Statistiques

Statistiques générales
  • Ce quiz a été pris 1 017 fois
    1 004 depuis la dernière actualisation
  • Le résultat moyen est 295 sur 445
Statistiques - réponses
Réponse % Correct
de
96%
Elle
96%
elle
96%
elle,
96%
un
96%
à
95%
a
95%
ça
94%
la
94%
La
94%
sur
93%
sûr?
93%
une
93%
le
92%
que
92%
Que
92%
du
91%
et
91%
m'a
91%
ma
91%
me
89%
Me
89%
qui
89%
relation
88%
bas
87%
courage,
87%
courage
87%
des
86%
dès
86%
en
86%
En
86%
Faudra
86%
foi
86%
d'la
85%
pour
85%
Pour
85%
rempli
85%
rage
83%
rage,
83%
coeur
82%
pas
82%
pas,
82%
sans
82%
moi
81%
moi"
81%
moi,
81%
on
81%
bâtiment,
79%
démarre
79%
triste
79%
dit
78%
genre
78%
mort,
78%
alors
77%
bases
77%
réseaux
77%
petite
75%
Cartier
74%
Santos
74%
mien
73%
vie
73%
mon
72%
Mon
72%
mille
71%
quitté,
71%
si
71%
criait
70%
"hourra"
70%
les
70%
pourries
70%
tout
70%
tu
70%
Tu
70%
j'ai
68%
qu'son
68%
fait
67%
j'avais
67%
j'peux
67%
quel
67%
Vivre
67%
vivre
67%
cassé
65%
dans
65%
j'me
65%
seul,
65%
dis
64%
rivaux
64%
toi,
64%
t'surnomme
64%
ai
63%
cru
63%
ces
62%
plus
62%
v'là
62%
longtemps
61%
santé"
61%
femeu
60%
peu
60%
fuck
59%
J'lui
59%
j'lui
59%
son
59%
souhaite
59%
suis
59%
c'est
58%
C'est
58%
est
58%
j'étais
58%
remplie
58%
richesse,
58%
avec
57%
qu'j'étais
57%
temps
57%
bu
56%
c'était
56%
meilleur
56%
qu'elle
56%
qu'on
56%
bébé
55%
Féfé'
55%
fin,
55%
55%
sérieux
55%
veux
55%
ville
55%
capable
54%
capable,
54%
homme
54%
mère
54%
mettre
54%
Connu
53%
passe
53%
ton
53%
compte
52%
d'ma
52%
l'numéro
52%
Même
52%
point
52%
vit
52%
but
51%
être
51%
Mais
51%
remis
51%
ses
51%
veut
51%
celui
50%
j't'ai
50%
au
49%
d'chez
49%
jour
49%
j'y
49%
l'dossier
49%
l'orage
49%
précis
49%
seule
49%
soleil
49%
t'es
49%
tous
49%
va
49%
bien
48%
j'm'en
48%
m'payes
48%
rêver
48%
arrive
47%
connaître
47%
tch'
47%
coco
46%
mecs
46%
rendras
46%
sous
46%
t'en
46%
attaché
45%
ci
45%
déboule
45%
l'homme
45%
rêvait
45%
comment
44%
Dieu
44%
non,
44%
tchop
44%
toute
44%
veste
44%
aimée
43%
bonheur
43%
collection
43%
dernière
43%
huitième
43%
montes
43%
oui
43%
qu'mon
43%
sais
43%
bout
42%
cerveau
42%
combler
42%
mets
42%
monnaie
42%
savait
42%
trois
42%
voulait
42%
bouche
41%
dire
41%
j'prends
41%
soirée
41%
vide
41%
c'que
40%
film
40%
Quand
40%
quand
40%
qu'le
40%
jamais
39%
m'parler
39%
qu'tu
39%
semaine
39%
caché
38%
entourage
38%
j'fais
38%
pourtant
38%
s'demande
38%
s'trouvait
38%
voulu
38%
nouvelle
37%
assez
36%
d'mon
36%
est-ce
36%
prendre
36%
réfléchi
36%
sépare
36%
d'deux
35%
one
35%
qu'l'argent
35%
shit
35%
"souhaite-moi
35%
tatouage
35%
coup
34%
D'un
34%
fini
34%
j'retourne
34%
j'vois
34%
vite
34%
bloqué
33%
juré
33%
vient
33%
l'début
32%
sait
32%
façon
31%
navré
31%
blase
30%
d'souci
30%
qu'une
29%
après
28%
Courrèges
28%
j'l'assimile
28%
j'suis
28%
répond
28%
seulement
28%
d'toute
27%
plusieurs
27%
j'm'endors
26%
toucher
26%
sommeil
25%
j'trouve
24%
"dommage
23%
pile-poil
23%
j'l'élimine
22%
oh là là
22%
bouges
21%
dél
19%
sang
19%
vues
19%
res-ve
8%
Aucun quiz correspondant
Distribution des résultats
% des personnes avec chaque résultat
Percentile par nombre de réponses
Votre historique - résultats
Vous n’avez pas pris ce quiz depuis la dernière actualisation